Normal view
MARC view
Entry Personal Name
001 - CONTROL NUMBER
- control field: 1004
003 - CONTROL NUMBER IDENTIFIER
- control field: BD-DhUIB
005 - DATE AND TIME OF LATEST TRANSACTION
- control field: 20251013193232.0
008 - FIXED-LENGTH DATA ELEMENTS
- fixed length control field: 251013|| aca||aabn | a|a d
040 ## - CATALOGING SOURCE
- Original cataloging agency: BD-DhUIB
- Transcribing agency: BD-DhUIB
100 ## - HEADING--PERSONAL NAME
- Personal name: Hewlett, S. K. Rashid, R
670 ## - SOURCE DATA FOUND
- Source citation: Work cat.: (BD-DhUIB)548: Hewlett, S. K. Rashid, R., Winning the war for talent in emerging markets /
